| 000 | 01312cam a2200349 i 4500 | ||
|---|---|---|---|
| 001 | 25669 | ||
| 003 | Mx-PuUPA | ||
| 005 | 20260227081911.0 | ||
| 008 | 140415s1998 000 0 spa d | ||
| 017 | _aB. 26.022-2007 | ||
| 020 | _a9788484329183 | ||
| 040 |
_aMx-PuUPA _bspa _cMx-PuUPA _dMx-PuUPA _erda |
||
| 041 | 1 |
_aspa _heng |
|
| 100 | 1 |
_aGould, Stephen Jay, _d1941- _9765 _eautor |
|
| 240 | 1 | 0 |
_aRocks of ages. Science and Religion in the Fullness of Life. _lEspañol |
| 245 | 1 | 0 |
_aCiencia versus religión : _bun falso conflicto / _cStephen Jay Gould ; traducción castellana de Joandomènec Ros |
| 250 |
_aPrimera edición / _benDrakontos Bolsillo, junio |
||
| 264 | 1 |
_aBarcelona : _bCrítica, _c2007 |
|
| 300 |
_a232 páginas ; _c19 cm |
||
| 336 |
_2rdacontent _atexto _btxt |
||
| 337 |
_2rdamedia _asin medio _bn |
||
| 338 |
_2rdacarrier _avolumen _bnc |
||
| 490 | 0 |
_aDrakontos de Bolsillo ; _v16 |
|
| 650 | 7 |
_2armarc _aReligión y ciencia |
|
| 650 | 7 |
_2armarc _aCiencia _xAspectos religiosos |
|
| 650 | 7 |
_2armarc _aEvolución y religión |
|
| 700 | 1 |
_aRos, Joandomènec, _etraductor |
|
| 765 | 0 |
_aGould, Stephen Jay, 1941- _tRocks of ages. Science and Religion in the Fullness of Life. |
|
| 942 |
_2ddc _cLI _h201.65 _iG6718 |
||
| 999 |
_c25669 _d25669 |
||